000 00771nam a2200253 i 4500
999 _c131700
_d131700
001 C2-0333078
003 PPAK
005 20180728133213.0
008 150823s2014 nyua|||| ||||| | eng d
020 _a9781401244088
040 _aPPAK
_beng
_cPPAK
_erda
082 0 4 _a741.5973
_223
090 0 0 _a741.5973
_bJOH
_dG
100 1 _aJohns, Geoff,
_eauthor
245 1 0 _aGreen Lantern volume 3 :
_bthe end
264 1 _aNew York :
_bDC Comics ,
_c2014
300 _a[pages not indentified] :
_bcolour illustrations ;
_c26 cm
336 _2rdacontent
_atext
337 _2rdamedia
_aunmediated
338 _2rdacarrier
_avolume
650 1 0 _aGreen Lantern (Fictitious character) - Comic books, strips, etc. ; Graphic novels.
700 _eauthor
942 _cB
_2ddc